High pinner - Map Quiz - Statistics

General Stats
  • This quiz has been taken 50 times
  • The average score is 15 of 22
Answers on the Map
Answers color-coded by a green-red scale on the quiz's map according to % correct below.
 
Answer Stats
Answer % Correct
Canada
94%
China
87%
Madagascar
86%
Uganda
84%
South korea
83%
Uk
83%
Ireland
81%
Armenia
80%
North korea
80%
Kenya
79%
Usa
79%
Mozambique
78%
Mongolia
74%
Turkey
74%
Yemen
74%
Mauritius
73%
Equatorial guinea
72%
Japan
72%
Azerbaijan
71%
Honduras
71%
Kiribati
71%
Oman
70%
Burundi
65%
Tuvalu
65%
Guinea
62%
Rwanda
58%
Nauru
53%
Palau
50%
Singapore
37%
Micronesia
36%
Barbados
35%
Vatican
32%
No matching quizzes found
Score Distribution
Percent of People with Each Score
Percentile by Number Answered
Your Score History
You have not taken this quiz